000 00801nam a2200241Ia 4500
003 GCL
008 140319s9999 xx 000 0 ara d
020 _a418208977
040 _aGCL /
_cGCL
082 0 4 _a323.443
_bإ م
100 1 _aابراهيم عيسى
245 1 0 _aمجرد اختلاف فى وجهات نظر :
_bمناقشات مع صديقى محمد عبدالقدوس /
_cابراهيم عيسى
260 _aالقاهرة :
_bمكتبة مدبولى ،
_c2003
300 _a184 ص ؛
_c24 سم
650 0 4 _aالحقوق السياسية
650 0 4 _aالارهاب
650 0 4 _aالسياسة
650 0 4 _aالديمقراطية
650 0 4 _aالحرية
650 0 4 _aحرية التعبير
650 0 4 _aمصر - الاحوال السياسية
942 _2ddc
_cBK
999 _c6156
_d6156